[Event "Arco op-A 39th"]
[Site "Arco"]
[Date "2017.10.07"]
[Round "1"]
[White "Gulacsi, Donat Ferenc"]
[Black "Ottaviani, Gianluca"]
[Result "1/2-1/2"]
[WhiteElo "1436"]
[BlackElo "1919"]
[PlyCount "34"]
[EventDate "2017.10.07"]
[EventType "swiss"]
[EventRounds "9"]
[EventCountry "ITA"]
[SourceTitle "CBM 181 Extra"]
[Source "ChessBase"]
[SourceDate "2017.12.12"]
[SourceVersion "1"]
[SourceVersionDate "2017.12.12"]
[SourceQuality "1"]

1. Nf3 Nf6 2. g3 g6 3. b3 Bg7 4. Bb2 0-0 5. Bg2 d5 6. d3 c6 7. Nbd2 a5 8. a3 Nbd7 9. 0-0 Re8 10. c4 e5 11. cxd5 Nxd5 12. Nc4 b5 13. Nd6 Re6 14. Nxc8 Rxc8 15. Rc1 Re8 16. Qd2 h6 17. Rc2 Ne7 1/2-1/2

[Event "Arco op 36th"]
[Site "Arco"]
[Date "2014.10.04"]
[Round "1"]
[White "Ottaviani, Gianluca"]
[Black "Hussain, Hashem"]
[Result "1/2-1/2"]
[WhiteElo "1982"]
[BlackElo "1699"]
[PlyCount "27"]
[EventDate "2014.10.04"]
[EventType "swiss"]
[EventRounds "9"]
[EventCountry "ITA"]
[SourceTitle "EXT 2016"]
[Source "ChessBase"]
[SourceDate "2015.10.08"]
[SourceVersion "1"]
[SourceVersionDate "2015.10.08"]
[SourceQuality "1"]

1. Nf3 g6 2. c4 Bg7 3. g3 Nf6 4. Nc3 0-0 5. Bg2 d6 6. 0-0 e5 7. d3 Nbd7 8. Rb1 c6 9. b4 d5 10. Qb3 d4 11. Na4 Re8 12. Nd2 a5 13. b5 c5 14. Ba3 1/2-1/2

[Event "Salento op 1st"]
[Site "Gallipoli"]
[Date "2012.05.24"]
[Round "7"]
[White "Sprotte, Norbert"]
[Black "Ottaviani, Gianluca"]
[Result "1/2-1/2"]
[WhiteElo "2180"]
[BlackElo "1949"]
[PlyCount "63"]
[EventDate "2012.05.19"]
[EventType "swiss"]
[EventRounds "9"]
[EventCountry "ITA"]
[SourceTitle "CBM 148 Extra"]
[Source "ChessBase"]
[SourceDate "2012.06.22"]
[SourceVersion "1"]
[SourceVersionDate "2012.06.22"]
[SourceQuality "1"]

1. d4 g6 2. e4 Bg7 3. Nc3 d6 4. Bg5 Nf6 5. e5 dxe5 6. dxe5 Ng4 7. Qxd8+ Kxd8 8. Rd1+ Bd7 9. e6 fxe6 10. Bc4 Ke8 11. Nf3 Nc6 12. 0-0 Nge5 13. Nxe5 Nxe5 14. Be2 Nf7 15. Be3 Nd6 16. Rfe1 Bc6 17. Bd4 e5 18. Bc5 b6 19. Ba3 e4 20. Nd5 Bxd5 21. Rxd5 c6 22. Rdd1 c5 23. Rd5 Rf8 24. c3 Rf5 25. Red1 Rxd5 26. Rxd5 Rd8 27. Kf1 e6 28. Rd1 Ke7 29. b4 Nb7 30. Rxd8 Kxd8 31. bxc5 Nxc5 32. Bxc5 1/2-1/2

[Event "Salento op 1st"]
[Site "Gallipoli"]
[Date "2012.05.20"]
[Round "2"]
[White "Midonet, Matthieu"]
[Black "Ottaviani, Gianluca"]
[Result "1-0"]
[WhiteElo "2116"]
[BlackElo "1949"]
[PlyCount "87"]
[EventDate "2012.05.19"]
[EventType "swiss"]
[EventRounds "9"]
[EventCountry "ITA"]
[SourceTitle "CBM 148 Extra"]
[Source "ChessBase"]
[SourceDate "2012.06.22"]
[SourceVersion "1"]
[SourceVersionDate "2012.06.22"]
[SourceQuality "1"]

1. e4 e5 2. f4 d5 3. exd5 exf4 4. Nf3 Nf6 5. Bc4 Bd6 6. 0-0 0-0 7. d4 Re8 8. Nc3 Nbd7 9. Qd3 Nh5 10. Ne4 Ndf6 11. Nxd6 cxd6 12. Bd2 Ne4 13. Bb4 Qf6 14. Rae1 Bf5 15. Qd1 g5 16. Bb5 g4 17. Bxe8 gxf3 18. Qxf3 Qxd4+ 19. Kh1 Nhg3+ 20. hxg3 Nxg3+ 21. Kh2 Nxf1+ 22. Qxf1 Qxb4 23. Qe2 Qxb2 24. Qe7 Qg7 25. Kh1 Qh6+ 26. Kg1 Qg6 27. Qxb7 Rd8 28. Re7 Rxe8 29. Rxe8+ Kg7 30. Qb2+ Kh6 31. Qd4 Qg3 32. Qf6+ Qg6 33. Qxg6+ Kxg6 34. Rd8 Kf6 35. Rxd6+ Ke7 36. Rc6 Be4 37. c4 f3 38. gxf3 Bxf3 39. Ra6 Be2 40. Rxa7+ Kd6 41. Ra6+ Kd7 42. Rc6 f5 43. c5 Bc4 44. a4 1-0

[Event "Trieste op 12th"]
[Site "Trieste"]
[Date "2010.09.05"]
[Round "3"]
[White "Petrachi, Gianni"]
[Black "Ottaviani, Gianluca"]
[Result "1/2-1/2"]
[WhiteElo "1899"]
[BlackElo "1916"]
[PlyCount "36"]
[EventDate "2010.09.04"]
[EventType "swiss"]
[EventRounds "9"]
[EventCountry "ITA"]
[SourceTitle "CBM 138 Extra"]
[Source "ChessBase"]
[SourceDate "2010.10.29"]
[SourceVersion "1"]
[SourceVersionDate "2010.10.29"]
[SourceQuality "1"]

1. e4 d6 2. d4 Nf6 3. Nc3 g6 4. Nf3 Bg7 5. Bd3 0-0 6. 0-0 Bg4 7. h3 Bxf3 8. Qxf3 Nc6 9. Ne2 Nd7 10. c3 e5 11. d5 Ne7 12. Ng3 c6 13. c4 a6 14. Rb1 Rb8 15. a4 Nc5 16. Bc2 b5 17. axb5 cxb5 18. cxb5 axb5 1/2-1/2

[Event "Foligno op"]
[Site "Foligno"]
[Date "2008.06.08"]
[Round "6"]
[White "Caruso, Augusto"]
[Black "Ottaviani, Gianluca"]
[Result "1-0"]
[WhiteElo "2262"]
[BlackElo "1923"]
[PlyCount "105"]
[EventDate "2008.06.06"]
[EventType "swiss"]
[EventRounds "6"]
[EventCountry "ITA"]
[SourceTitle "EXT 2009"]
[Source "ChessBase"]
[SourceDate "2008.11.26"]
[SourceVersion "1"]
[SourceVersionDate "2008.11.26"]
[SourceQuality "1"]

1. d4 Nf6 2. Nc3 d5 3. Bg5 Nbd7 4. Nf3 c5 5. e3 Qb6 6. a3 e6 7. Bd3 Bd6 8. 0-0 a6 9. Re1 Qc7 10. e4 cxd4 11. Nxd5 exd5 12. e5 Nxe5 13. Nxe5 Be6 14. Nf3 0-0-0 15. c3 Bf4 16. cxd4 Bxg5 17. Nxg5 Qf4 18. Nxe6 fxe6 19. Rxe6 Kb8 20. Be2 Ne4 21. Bf3 Rhf8 22. Qd3 Rc8 23. Rd1 g5 24. Qe3 Qf7 25. Re5 Rc2 26. Bxe4 dxe4 27. Rf1 Rxb2 28. Qg3 Ka7 29. Rxe4 Rb3 30. Re3 Rb5 31. Rd3 Qf5 32. Qe3 Rd5 33. Rd2 Rfd8 34. Rfd1 R8d7 35. Qe2 Ka8 36. f3 Rd8 37. Qe4 Qd7 38. h3 h5 39. Rd3 h4 40. Qg4 Qe7 41. Kh1 Ka7 42. Qe4 Qd7 43. Rb3 Re8 44. Qg4 Qd6 45. Rb4 Qf4 46. Rdb1 b5 47. a4 Qxg4 48. hxg4 Rb8 49. Kh2 Rbd8 50. axb5 axb5 51. Rxb5 Rxb5 52. Rxb5 Rxd4 53. Rxg5 1-0